000 00397nam a2200145Ia 4500
008 100122s9999 xx 000 0 und d
082 _b40902
_a823.08
100 _aदिघे प्रभाकर
245 _aधमकी
260 _bगुलमोहर पब्लिकेशन्स
_c1987
300 _a206
630 _aधमकी
730 _aधमकी
942 _cBOOK
999 _c421685
_d421682